| 000 | 00588nam a2200217Ia 4500 | ||
|---|---|---|---|
| 003 | GCL | ||
| 008 | 140319s9999 xx 000 0 eng d | ||
| 040 |
_aGCL / _cGCL |
||
| 082 | 0 | 4 |
_a652.5536 _bC X |
| 100 | 1 | _aCAMPBELL, ART | |
| 245 | 1 | 0 |
_aXY WRITE 4 MACROS: INCLUDE ON FLOPPY DISK 3 INCH / _cCAMPBELL, ART |
| 700 | 1 | _aALLEN, BONNIE | |
| 260 |
_a[S.N] : _bMC GRAW - HILL ، _c1993 |
||
| 300 | _a248 P | ||
| 650 | 0 | 4 | _aPROGRAMMING |
| 650 | 0 | 4 | _aWORD PROCESSING |
| 650 | 0 | 4 | _aCOMPUTER - PROGRAMMERS |
| 650 | 0 | 4 | _aSIGNATURE, COMPUTER FILE |
| 650 | 0 | 4 | _aXY WRITE |
| 942 |
_2ddc _cBK |
||
| 999 |
_c21077 _d21077 |
||